000 00890nam a2200229Ii 4500
003 JO-AjNU
008 230605s9999||||xx |||||||||||||| ||und||
017 _a2009/3/1045
020 _a978-9957-19-031-6
040 _aJO-AjNU
_bara
_erda
_cJO-AjNU
041 _aara
050 1 4 _aHD 9018 .A55 B37 2009
100 3 _aاللوزي، سالم عبدالكريم وآخرون؛ مراجعة وتقديم صبحي القاسم,
_eauthor
_949600
245 0 0 _aتحديات الامن الغذائي العربي
250 _aط1
264 3 1 _aعمان،بيروت:مؤسسة عبدالحميد شومان،المؤسسة العربية للدراسات والنشر،2009
300 _a156ص
336 _atext
_btxt
_2rdacontent
337 _aunmediated
_bn
_2rdamedia
338 _avolume
_bnc
_2rdacarrier
650 4 _aالأمن الغذائي - البلاد العربية 
_949601
999 _aA21795
_c25363
_d25363